| 000 | 00558nam a22001817a 4500 | ||
|---|---|---|---|
| 005 | 20251108165347.0 | ||
| 008 | 250721s1995 xx 000 0 ara d | ||
| 082 | 1 | 4 | _aم/641.8/سول |
| 100 | 1 | _aسولو، كاني | |
| 245 | 1 | 0 | _aالأطباق الأرز من الشرق الأقصى / |
| 264 | 1 |
_aبيروت : _bدار العربية للعلوم، _c1995. |
|
| 300 | _a62ص | ||
| 650 | 1 | 7 | _aالطبخ |
| 650 | 1 | 7 | _aوجبات الطعام |
| 710 | 2 |
_aمركز التعريب و البرمجة _eترجمة |
|
| 942 |
_2ddc _cREF |
||
| 999 |
_c26015 _d26015 |
||